1577 1437 1813 1492 1365 1348 1921 1534 1551 1065 1183 1075 1822 1539 1875 1395 1211 1522 1524 1537 1222 1797 1496 1457 1169 1572 1708 1116 1663 1498 1068 1989 1724 1304 1524 1137 1727 1889 1265 1269 1868 1789 1488 1104 1560 1689 1495 1909 1187 1468 1054 1458 1540 1003 1693 1241 1113 1136 1934 1753 1844 1122 1119 1558 1243 1018 1631 1078 1825 1977 1354 1078 1247 1069 1455 1675 1264 1637 1827 1690 1220 1367 1185 1021 1528 1527 1216 1350 1819 1645 1242 1572 1115 1890 1404 1012 1287 1474 1826 BCNSPRNW ULIB Ver.6.0+V

เปลี่ยนเป็นภาษาไทย

Change to English
 แสดงรายละเอียดบรรณานุกรม
  กลับหน้าหลัก

Brief Record : Get Marc (ISO 2709) : E-mail record : QR code < ปิดหน้าต่าง
LEADER : 00000nam 2200000uu 4500
001    13399112327
003     ULIB
008    110627s2554||||th 000 0 tha d
020    9786167389332
090    นว.^bก333ส 2554
100 0  กษิรา
245 00 เสิร์ฟรักรสกาแฟ...Cup of love/^cกษิรา
260    กรุงเทพฯ :^bบีไมน์,^c2554
300    408 หน้า
710 1  บีไมน์
945    ^p260^l0^i030401
995    ทศพร
999 ^a ใช้งานได้ทุกระบบ
รายการนี้ยังไม่มีแท็ก
คุณยังไม่ได้ล็อกอิน คุณสามารถมีกิจกรรมร่วมกับเว็บไซต์ได้ แต่ต้องล็อกอินก่อน ::
  ล็อกอิน

รายการสื่อสารสนเทศ

ลำดับที่ ประเภท เลขเรียก/บาร์โค้ด สถานที่ สถานะ
- ไม่พบข้อมูล -

BibComment


ยังไม่เคยถูกคอมเมนท์

คอมเมนท์ทรัพยากรรายการนี้
  คอมเมนท์: เสิร์ฟรักรสกาแฟCu..


 Copyright 2026. Bcnsprnw @Library